Financial Services and Markets Act 2000 (Record no. 101284)
[ view plain ]
| 000 -LEADER | |
|---|---|
| fixed length control field | 00649cam a2200217 4500 |
| 001 - CONTROL NUMBER | |
| control field | J111732 |
| 008 - FIXED-LENGTH DATA ELEMENTS--GENERAL INFORMATION | |
| fixed length control field | 000000n2000 000 0 eng u |
| 035 ## - SYSTEM CONTROL NUMBER | |
| System control number | (Sirsi) u111732 |
| 245 ## - TITLE STATEMENT | |
| Title | Financial Services and Markets Act 2000 |
| 260 ## - PUBLICATION, DISTRIBUTION, ETC. | |
| Place of publication, distribution, etc. | London |
| Name of publisher, distributor, etc. | Sweet & Maxwell |
| Date of publication, distribution, etc. | 2000 |
| 300 ## - PHYSICAL DESCRIPTION | |
| Extent | 315p. |
| Dimensions | 24cm. |
| 490 ## - SERIES STATEMENT | |
| Series statement | Current Law Statutes |
| 520 ## - SUMMARY, ETC. | |
| Summary, etc. | View at www.legislation.hmso.gov.uk. |
| 650 ## - SUBJECT ADDED ENTRY--TOPICAL TERM | |
| Topical term or geographic name entry element | FINANCE |
| 650 ## - SUBJECT ADDED ENTRY--TOPICAL TERM | |
| Topical term or geographic name entry element | INVESTMENT |
| 650 ## - SUBJECT ADDED ENTRY--TOPICAL TERM | |
| Topical term or geographic name entry element | BANKING |
| 650 ## - SUBJECT ADDED ENTRY--TOPICAL TERM | |
| Topical term or geographic name entry element | INVESTMENT COMPANIES |
| 690 ## - LOCAL SUBJECT ADDED ENTRY--TOPICAL TERM (OCLC, RLIN) | |
| Topical term or geographic name as entry element | LAW |
| 856 ## - ELECTRONIC LOCATION AND ACCESS | |
| Uniform Resource Identifier | <a href="https://www.legislation.hmso.gov.uk/acts/acts2000/20000008.htm">https://www.legislation.hmso.gov.uk/acts/acts2000/20000008.htm</a> |
| Public note | View the Act on the HMSO website... |
| 942 ## - ADDED ENTRY ELEMENTS (KOHA) | |
| Suppress in OPAC | 0 |
| Withdrawn status | Lost status | Source of classification or shelving scheme | Damaged status | Not for loan | Home library | Current library | Shelving location | Date acquired | Total Checkouts | Full call number | Barcode | Date last seen | Copy number | Price effective from | Koha item type |
|---|---|---|---|---|---|---|---|---|---|---|---|---|---|---|---|
| Dewey Decimal Classification | Virtual | Virtual | Online | 27/11/2003 | ONLINE PUBLICATION | 111732-2001 | 06/08/2019 | 1 | 06/08/2019 | Book |